Statistiche per Contrade di Siena (con mappa)

Clicka qui per fare il quiz!

Statistiche generali

  • Questo quiz è stato fatto 116 volte
  • Il punteggio medio è 10 su 17

Risposte nella Mappa

Le risposte nella mappa del quiz sottostante sono codificate secondo una scala di colori dal rosso al verde in base alla % di persone che hanno risposto correttamente.
 

Statistiche sulle risposte

Terzo di Camollia% Corretto
Giraffa
76%
Oca
73%
Lupa
69%
Istrice
66%
Torre
66%
Aquila
63%
Onda
61%
Valdimontone
59%
Selva
56%
Chiocciola
54%
Drago
54%
Pantera
54%
Bruco
53%
Leocorno
53%
Tartuca
51%
Nicchio
47%
Civetta
46%

Distribuzione punteggi

Percentile per numero di risposta

Percentuale di utenti per punteggio

I tuoi punteggi nel tempo

Non hai fatto questo quiz